Deadly Disasters : (Record no. 4738)

MARC details
000 -LEADER
fixed length control field 01072nam a22003017a 4500
001 - CONTROL NUMBER
control field 4738
003 - CONTROL NUMBER IDENTIFIER
control field FISKH
005 - DATE AND TIME OF LATEST TRANSACTION
control field 20240927163910.0
008 - FIXED-LENGTH DATA ELEMENTS--GENERAL INFORMATION
fixed length control field 240926b cb ||||| |||| 00| 0 eng d
020 ## - INTERNATIONAL STANDARD BOOK NUMBER
International Standard Book Number 9780439791939
040 ## - CATALOGING SOURCE
Original cataloging agency FISKH
Language of cataloging eng
Transcribing agency FISKH
Modifying agency FISKH
050 ## - LIBRARY OF CONGRESS CALL NUMBER
Classification number GB5014.L44
082 ## - DEWEY DECIMAL CLASSIFICATION NUMBER
Classification number 030.02
100 ## - MAIN ENTRY--PERSONAL NAME
Personal name Lee, Celeste
Dates associated with a name author
245 ## - TITLE STATEMENT
Title Deadly Disasters :
Statement of responsibility, etc. Compiled by Celeste Lee & Ryan Herndon
Remainder of title Deadly Disasters: Catastrophic Records in History (Guinness World Records) /
250 ## - EDITION STATEMENT
Edition statement First printing , February 2006
260 ## - PUBLICATION, DISTRIBUTION, ETC.
Place of publication, distribution, etc. New York :
Name of publisher, distributor, etc. Scholastic ;
Date of publication, distribution, etc. 2006 .
300 ## - PHYSICAL DESCRIPTION
Extent 90 pages :
Other physical details color illustration ;
Dimensions 20 cm .
490 ## - SERIES STATEMENT
Series statement Guinness World Records
505 ## - FORMATTED CONTENTS NOTE
Formatted contents note R <br/><br/>
520 ## - SUMMARY, ETC.
Summary, etc. "Selected from the archives of Guinness World Records, this riveting book chronicles the world's deadliest disasters."--Back cover
521 8# - TARGET AUDIENCE NOTE
Target audience note 780 <br/>
Source Lexile estimate <br/><br/>
521 8# - TARGET AUDIENCE NOTE
Target audience note R <br/>
Source Raz-Plus <br/>
650 ## - SUBJECT ADDED ENTRY--TOPICAL TERM
Topical term or geographic name entry element natural disasters
Form subdivision non-fiction
700 ## - ADDED ENTRY--PERSONAL NAME
Personal name Herndon, Ryan
Relator term illustrator
942 ## - ADDED ENTRY ELEMENTS (KOHA)
Source of classification or shelving scheme Dewey Decimal Classification
Koha item type Books
Suppress in OPAC No
Holdings
Withdrawn status Lost status Source of classification or shelving scheme Damaged status Not for loan Home library Current library Shelving location Date acquired Total Checkouts Full call number Barcode Date due Date last seen Date last checked out Price effective from Koha item type
    Dewey Decimal Classification     Footprints International School Library Network Toul Kork Campus Footprints International School Library Network Toul Kork Campus TTP Primary Orange Bookshelves 09/26/2024 1 LEE 032.02 GB5014.L44 FIS01065 06/11/2025 05/28/2025 05/28/2025 09/26/2024 Books